| 000 | 00702nam a2200193 i 4500 | ||
|---|---|---|---|
| 001 | 72870 | ||
| 003 | ES-MaACL | ||
| 005 | 20240421063017.0 | ||
| 007 | t| | ||
| 008 | 040903s1981 sp ||||1| spa d | ||
| 100 | 0 |
_aGómez Gil, Alfredo, _d1936- _957969 |
|
| 245 | 1 | 0 |
_aConcha Lagos bajo dominio de la literatura comparada / _cAlfredo Gómez Gil. |
| 260 |
_aAlicante : _bInstituto de Estudios Alicantinos, _c[1981] |
||
| 300 |
_a343 p. ; _c22 cm. |
||
| 490 | 1 |
_aPublicaciones del Instituto de Estudios Alicantinos. Serie I ; _v70 |
|
| 830 | 0 |
_aPublicaciones del Instituto de Estudios Alicantinos. Serie I ; _v70 _9183372 |
|
| 852 |
_aES-MaACL _jL-2273 _bR.102795 |
||
| 999 |
_c72870 _d72870 |
||